|
|
|
|
| LEADER |
00000nab a2200000 a 4500 |
| 001 |
vtls000226013 |
| 003 |
SK-MaSNL |
| 005 |
20260302212916.0 |
| 008 |
160204c1984 xo 0 cze |
| 015 |
|
|
|a SNBRA19rr/mm-uuuuu
|
| 035 |
|
|
|a CL0236127
|
| 040 |
|
|
|a SNKBUCL
|b slo
|c SNKBUCL
|e AACR2
|
| 041 |
0 |
|
|a cze
|
| 044 |
|
|
|a xo
|c SK
|
| 080 |
|
|
|a 621.9.06-52
|2 1981
|
| 080 |
|
|
|a 007.52
|2 1981
|
| 080 |
|
|
|a 658.52.011.56
|2 1981
|
| 100 |
1 |
|
|a Svoboda, Karel
|4 aut
|9 514031
|
| 245 |
1 |
0 |
|a Stav rozvoje bezobslužných pracovišť v průmyslově vyspělých zemích
|c Karel Svoboda
|
| 300 |
|
|
|b Lit. 6 zázn. v češ.
|
| 650 |
0 |
7 |
|a stroje obrábacie
|2 snkbucl
|9 621500
|
| 655 |
|
7 |
|a články zo zborníkov
|2 snkbucl
|9 166140
|
| 773 |
0 |
|
|t Bezobslužné pracoviská v strojárenstve. Celoštátna konferencia
|d Bratislava : Dom techniky ČSVTS, 1984
|
| 850 |
|
|
|a Slovenská národná knižnica v Martine
|a MTA001
|
| 852 |
|
|
|a SNK
|b KIS3GCP
|
| 958 |
|
|
|a NB
|
| 958 |
|
|
|a RK
|
| 958 |
|
|
|a CZ
|
| 992 |
|
|
|a RZB
|
| 999 |
|
|
|c 1491213
|d 1493143
|